Statistics for 25 Most Common Surnames In Greater London

Click here to take the quiz!

General Stats

  • This quiz has been taken 199 times
  • The average score is 8 of 25

Answer Stats

Hint Answer % Correct
2Smith
95%
4Jones
79%
1Brown
66%
6Johnson
61%
5Williams
53%
7Taylor
40%
3Patel
39%
12Jackson
38%
8Thomas
37%
14James
37%
9Roberts
36%
16Wilson
31%
22Davis
29%
21Davies
26%
17Ali
24%
10Khan
22%
13Clarke
20%
11Lewis
19%
18Mason
10%
19Mitchell
8%
15Phillips
8%
20Rose
4%
23Rodriguez
4%
24Cox
4%
25Alexander
2%

Score Distribution

Percentile by Number Answered

Percent of People with Each Score

Your Score History

You have not taken this quiz